00493 2200193 4500001002100000005001500021008004100036020002200077035001900099041000700118082000800125090001400133100003600147245003000183260002900213300002500242500001100267650002100278INLIS00000000000022220241224112133241224||||||||| | ||| |||| || |  a978-979-168-083-7 0010-1224000222 aid0 a320 a320 SIM r0 aD. Danny Hamonangan Simanjuntak00a"Rival-rival" Politik SBY aYogyakartabnarasic2008 a168 hlm; ilus; 21 cm aCet. 1 0aIlmu-ilmu Sosial